[Event "Nassau-ch"]
[Site "Nassau"]
[Date "2009.12.14"]
[Round "9"]
[White "Solonkovich, Ilya"]
[Black "Parascandolo, Andrew"]
[Result "1-0"]
[WhiteElo "2120"]
[BlackElo "1953"]
[PlyCount "112"]
[EventDate "2009.10.19"]
[EventType "swiss"]
[EventRounds "10"]
[EventCountry "USA"]
[SourceTitle "EXT 2011"]
[Source "ChessBase"]
[SourceDate "2010.11.26"]
[SourceVersion "1"]
[SourceVersionDate "2010.11.26"]
[SourceQuality "1"]

1. e4 d5 2. exd5 Qxd5 3. Nc3 Qd6 4. d4 Nf6 5. Be2 c6 6. Nf3 Bg4 7. 0-0 e6 8. Be3 Be7 9. Qd2 Nbd7 10. Bf4 Qb4 11. a3 Qb6 12. Na4 Qd8 13. c4 0-0 14. Rad1 Nb6 15. Nxb6 Qxb6 16. Ne5 Bxe2 17. Qxe2 Rad8 18. Qc2 c5 19. dxc5 Qxc5 20. b4 Qc8 21. Be3 Qc7 22. Qb2 b6 23. h3 Qb7 24. Bd4 Ne8 25. Ng4 f6 26. Qb3 e5 27. Bb2 Kh8 28. Ne3 Nd6 29. Nd5 Rfe8 30. Rfe1 Bf8 31. Rd3 Rd7 32. Red1 Red8 33. Ne3 Nf7 34. Rd5 Rxd5 35. Rxd5 Rxd5 36. cxd5 b5 37. Qc2 Nd6 38. Qc6 Kg8 39. g4 Kf7 40. Qc2 e4 41. Bd4 a6 42. Bc5 Qc8 43. Qd2 g6 44. Qd4 Qe8 45. Kf1 h6 46. Kg2 f5 47. Bxd6 Bxd6 48. gxf5 Qe7 49. fxg6+ Kxg6 50. Kf1 h5 51. Ke2 Qh4 52. Ng2 Qe7 53. h4 Kf5 54. Qh8 Qf7 55. Qh6 Be7 56. Qf4+ Kg6 1-0

[Event "Nassau-ch"]
[Site "Nassau"]
[Date "2009.11.09"]
[Round "4"]
[White "Solonkovich, Ilya"]
[Black "Felber, Joseph J"]
[Result "0-1"]
[WhiteElo "2120"]
[BlackElo "2008"]
[PlyCount "72"]
[EventDate "2009.10.19"]
[EventType "swiss"]
[EventRounds "10"]
[EventCountry "USA"]
[SourceTitle "EXT 2011"]
[Source "ChessBase"]
[SourceDate "2010.11.26"]
[SourceVersion "1"]
[SourceVersionDate "2010.11.26"]
[SourceQuality "1"]

1. e4 c6 2. d4 d5 3. Nc3 dxe4 4. Nxe4 Nf6 5. Nxf6+ gxf6 6. c3 Bf5 7. Nf3 e6 8. g3 Bd6 9. Bg2 Qc7 10. 0-0 Nd7 11. a4 Bg4 12. Qb3 Bxf3 13. Bxf3 h5 14. c4 h4 15. c5 Bxg3 16. fxg3 hxg3 17. Bg2 gxh2+ 18. Kh1 Rh4 19. Qe3 0-0-0 20. Qf2 Rg4 21. Bf4 e5 22. Be3 Rdg8 23. Bh3 Rg3 24. Bf5 Kb8 25. Rad1 a6 26. dxe5 Nxe5 27. Bf4 Rg1+ 28. Rxg1 hxg1Q+ 29. Rxg1 Rh8+ 30. Kg2 Qd8 31. Qd2 Qxd2+ 32. Bxd2 Rg8+ 33. Kf2 Rxg1 34. Kxg1 Nf3+ 35. Kf2 Nxd2 36. Bd3 Nb3 0-1

[Event "Nassau-ch"]
[Site "Nassau"]
[Date "2009.10.19"]
[Round "1"]
[White "Shanbhag, Arun N"]
[Black "Solonkovich, Ilya"]
[Result "0-1"]
[WhiteElo "1806"]
[BlackElo "2120"]
[PlyCount "96"]
[EventDate "2009.10.19"]
[EventType "swiss"]
[EventRounds "10"]
[EventCountry "USA"]
[SourceTitle "EXT 2011"]
[Source "ChessBase"]
[SourceDate "2010.11.26"]
[SourceVersion "1"]
[SourceVersionDate "2010.11.26"]
[SourceQuality "1"]

1. d4 d5 2. c4 c6 3. Nf3 Nf6 4. Nc3 dxc4 5. e4 b5 6. a3 Bb7 7. Be3 e6 8. Qc2 Be7 9. Be2 a6 10. 0-0 Nbd7 11. Rfd1 Qc7 12. Nd2 c5 13. Bf3 cxd4 14. Bxd4 Ne5 15. Be2 0-0 16. Nf3 Ng6 17. g3 Rfd8 18. Be3 Ng4 19. Bd2 Bc5 20. Be1 Qb6 21. Bf1 N4e5 22. Nxe5 Nxe5 23. Kg2 Nc6 24. Rxd8+ Rxd8 25. Rd1 Nd4 26. Qb1 e5 27. f3 Qf6 28. Be2 a5 29. Bf2 Bc6 30. Rd2 h5 31. Bd1 b4 32. axb4 axb4 33. Na2 Ra8 34. Be2 Bb5 35. Bd1 Qa6 36. Bxd4 exd4 37. Nxb4 Bxb4 38. Rxd4 Qb6 39. Rd5 g6 40. Be2 Qe3 41. Rxb5 Qxe2+ 42. Kh3 Bf8 43. Qc1 Rd8 44. Rd5 Rxd5 45. exd5 Qxf3 46. Qxc4 g5 47. b4 g4+ 48. Kh4 Be7+ 0-1

[Event "Nassau CC-ch"]
[Site "Mineola"]
[Date "2007.12.03"]
[Round "8"]
[White "Solonkovich, Ilya"]
[Black "Weser, Adam"]
[Result "1-0"]
[WhiteElo "2115"]
[BlackElo "2070"]
[PlyCount "67"]
[EventDate "2007.10.15"]
[EventType "swiss"]
[EventRounds "10"]
[EventCountry "USA"]
[SourceTitle "EXT 2009"]
[Source "ChessBase"]
[SourceDate "2008.11.26"]
[SourceVersion "1"]
[SourceVersionDate "2008.11.26"]
[SourceQuality "1"]

1. e4 e6 2. d4 d5 3. Nc3 Bb4 4. e5 c5 5. a3 Bxc3+ 6. bxc3 Qc7 7. Qg4 f5 8. Qg3 Ne7 9. Bd2 0-0 10. Bd3 b6 11. Nh3 Ba6 12. Nf4 Qd7 13. h4 Bxd3 14. Nxd3 Na6 15. a4 cxd4 16. cxd4 Rac8 17. c3 Nc6 18. Bg5 Na5 19. Nf4 Nc7 20. h5 Ne8 21. Rh3 Rc4 22. Kf1 Rxa4 23. Rxa4 Qxa4 24. Kg1 Qd7 25. Qh4 Rf7 26. Rg3 Nc6 27. h6 g6 28. Nh5 a5 29. Bf6 a4 30. Ng7 Ne7 31. c4 dxc4 32. d5 Nxg7 33. hxg7 Nxd5 34. Qxh7+ 1-0

[Event "Nassau CC-ch"]
[Site "Mineola"]
[Date "2007.10.15"]
[Round "1"]
[White "De Moore, Scott T"]
[Black "Solonkovich, Ilya"]
[Result "0-1"]
[WhiteElo "1878"]
[BlackElo "2115"]
[PlyCount "88"]
[EventDate "2007.10.15"]
[EventType "swiss"]
[EventRounds "10"]
[EventCountry "USA"]
[SourceTitle "EXT 2009"]
[Source "ChessBase"]
[SourceDate "2008.11.26"]
[SourceVersion "1"]
[SourceVersionDate "2008.11.26"]
[SourceQuality "1"]

1. e4 e5 2. Nf3 Nc6 3. Bb5 a6 4. Bxc6 dxc6 5. 0-0 Qd6 6. d4 exd4 7. Qxd4 Bg4 8. Qxd6 cxd6 9. Nd4 Ne7 10. f3 Bd7 11. Be3 g6 12. Nc3 Bg7 13. Na4 Nc8 14. Nb3 0-0 15. Nb6 Nxb6 16. Bxb6 f5 17. Rad1 fxe4 18. Rxd6 Bf5 19. g4 Bc8 20. fxe4 Rxf1+ 21. Kxf1 Bxg4 22. c3 Rf8+ 23. Kg1 Be5 24. Rd8 Rxd8 25. Bxd8 Kf7 26. Nc5 Bc8 27. Kg2 Bd6 28. Nd3 Ke6 29. Bb6 g5 30. h3 Kf6 31. Bd8+ Kg6 32. e5 Bf8 33. h4 g4 34. Kg3 Kf5 35. Bf6 Bh6 36. Bh8 a5 37. b3 b5 38. Bf6 Bd2 39. a4 Bxc3 40. Bd8 Be6 41. axb5 cxb5 42. Nc5 Bxe5+ 43. Kg2 Bd5+ 44. Kf1 g3 0-1

[Event "Nassau CC-ch"]
[Site "Mineola"]
[Date "2006.11.06"]
[Round "4"]
[White "Tamarkin, Larry S"]
[Black "Solonkovich, Ilya"]
[Result "1-0"]
[WhiteElo "2058"]
[BlackElo "2091"]
[PlyCount "115"]
[EventDate "2006.10.16"]
[EventType "swiss"]
[EventRounds "10"]
[EventCountry "USA"]
[SourceTitle "EXT 2008"]
[Source "ChessBase"]
[SourceDate "2007.11.25"]
[SourceVersion "1"]
[SourceVersionDate "2007.11.25"]
[SourceQuality "1"]

1. e4 e5 2. Nf3 Nc6 3. d4 exd4 4. Bc4 Nf6 5. e5 d5 6. Bb5 Ne4 7. Nxd4 Bd7 8. Bxc6 bxc6 9. 0-0 Be7 10. f3 Nc5 11. f4 Ne4 12. Nc3 Nxc3 13. bxc3 c5 14. Nb3 c4 15. Nd4 0-0 16. f5 c5 17. Ne2 Bc6 18. Ng3 d4 19. Qg4 Qd5 20. Nh5 g6 21. Bh6 Rfe8 22. e6 Bd8 23. fxg6 fxg6 24. Nf6+ Bxf6 25. Rxf6 Qe4 26. Qxe4 Bxe4 27. Raf1 Bf5 28. e7 Rxe7 29. g4 Re6 30. R1xf5 gxf5 31. Rxe6 fxg4 32. cxd4 cxd4 33. Rd6 d3 34. cxd3 cxd3 35. Rxd3 Rb8 36. Rd4 Rb1+ 37. Kf2 Rb2+ 38. Rd2 Rb6 39. Be3 Rf6+ 40. Ke2 a6 41. Rd4 Rg6 42. Kf2 h5 43. Kg3 Rc6 44. Kh4 Rc3 45. Bf4 Rh3+ 46. Kg5 Kf7 47. Rd7+ Ke8 48. Rd6 Ra3 49. Rd2 Ra5+ 50. Kh4 Ke7 51. Bg5+ Ke6 52. Kxh5 Ra4 53. Re2+ Kf5 54. Rf2+ Ke5 55. Bf6+ Ke6 56. Bh4 a5 57. Bg3 Kd5 58. Bf4 1-0